Steven Universe de A à Z - Statistiques

Statistiques générales
  • Ce quiz a été pris 42 fois
  • Le résultat moyen est 11 sur 26
Statistiques - réponses
Lettre Indice Réponse % Correct
J Gemme forte antagoniste et orange Jasper
87%
L Gemme puissante pouvant entre autres voler Lapis Lazuli
84%
O Petit garçon mystérieux et malicieux Onion
81%
A Fusion de trois gemmes, fait son apparition dans l'épisode 32 de la saison 1 Alexandrite
74%
G Surnom donné à Opal dans sa première apparition par Steven Unvierse Giant Woman
74%
M Fusion de J et L Malachite
74%
W La plus puissante des 4 diamants White Diamond
71%
R Fusion entre Rose et Pearl Rainbow Quartz
61%
E Grande ville où se trouve Le Hotel Empire City
55%
V Surnom de Pink Pearl Volleyball
52%
D Personnage canin fictif Dogcopter
48%
F Fusion de six gemmes faisant partie des O Fluorite
48%
T Catcheur partenaire d'un puma Tiger Millionaire / Tiger Philanthropist
48%
N Gemme corrompue à laquelle les Crystal Gems font face au tout premier épisode Nephrite
39%
B Fils de l'ancien maire de Beach City Buck Dewey
35%
H Employé dans un parc d'attraction, comédien, chanteur de R&B, il a beaucoup de casquettes... Harold Smiley
35%
I Nom du lave-auto dont Greg Universe est le propriétaire It's a Wash
16%
K Propriétaire de la pizzeria 'Fish Stew Pizza' Kofi Pizza
16%
Z Fusion entre J et Ocean Jasper dans son état corrompu Zebra Jasper
16%
C Premier nouveau personnage vu dans Steven Universe Future Cherry Quartz
13%
S Nom d'un ancien groupe de rock constitué de 4 membres Sadie Killer and the Suspects
13%
Y Beau-père de Sour Cream Yellowtail
10%
P Mère de la copine du fils du cousin d'Andy DeMayo Priyanka Maheswaran
6%
Q Ancien partenaire de H Quentin Frowney
6%
U Nom du gâteau violet cuisiné par Lars dans l'épisode "The Good Lars" Ube Roll
6%
X Livre comic de science-fiction possédé par Greg Universe intitulé 'Passions of ____" Xanxor
3%
Aucun quiz correspondant
Distribution des résultats
% des personnes avec chaque résultat
Percentile par nombre de réponses
Votre historique - résultats
Vous n’avez pas pris ce quiz